000 00912cam a22002653a 4500
001 456
003 PGUSA
005 20140828082948.0
008 960301s1996||||xxu|||||s|||||000 1 eng d
040 _aPGUSA
_beng
042 _adc
050 4 _aPR
100 1 _aWells, H. G.
_q(Herbert George),
_d1866-1946
245 1 4 _aThe Door in the Wall, and other stories
_h[electronic resource] /
_cH. G. Wells
260 _bProject Gutenberg,
_c1996
505 0 _aThe door in the wall -- The star -- A dream of Armageddon -- The cone -- A moonlight fable -- The diamond maker -- The Lord of the Dynamos -- The Country of the Blind.
506 _aPublic domain in the USA.
516 _aElectronic text
653 _aShort stories
653 _aScience fiction, English
653 _aFantasy fiction, English
830 0 _aProject Gutenberg
_v456
856 4 0 _uhttp://www.gutenberg.org/ebooks/456
942 _cEB
999 _c229807
_d229807